Νέα σοσιαλδημοκρατία : περιεχόμενα πολιτικής θεσμοί οργανωτικές δομές

Αποθηκεύτηκε σε:
Λεπτομέρειες βιβλιογραφικής εγγραφής
Άλλοι συγγραφείς: Κατσούλης, Ηλίας Α. (Επιμελητής έκδοσης)
Μορφή: Βιβλίο
Γλώσσα:Greek
Δημοσίευση: Αθήνα : Σιδέρης, 2002.
Σειρά:Πολιτική στον 21ο αιώνα (Σιδέρης)
Θέματα:
Ετικέτες: Προσθήκη ετικέτας
Δεν υπάρχουν, Καταχωρήστε ετικέτα πρώτοι!

MARC

LEADER 00000cam a2200000 i 4500
001 1/48849
008 070905s gr | ||| |||| ||gre||
020 |a 9600802440 
035 |l 10089029 
040 |a GR-MY-UA  |b gre  |e aacr 
041 0 |a gre 
082 7 |a 320.53109495   |2 (22) 
245 0 0 |a Νέα σοσιαλδημοκρατία :   |b περιεχόμενα πολιτικής θεσμοί οργανωτικές δομές /   |c επιμέλεια: Ηλίας Κατσούλης.  
260 |a Αθήνα :   |b Σιδέρης,   |c 2002.  
300 |a 488 σ. ;   |c 21 εκ.  
490 1 |a (Πολιτική στον 21ο αιώνα / Σιδέρης) 
504 |a Περιλαμβάνει ευρετήριο.  
650 0 0 |a Socialism  |z Greece  |y 21st century. 
650 0 0 |a Democracy  |z Greece  |x History  |y 21st century. 
700 1 |a Κατσούλης, Ηλίας Α.  |e edt 
830 0 |a Πολιτική στον 21ο αιώνα (Σιδέρης) 
852 |a INST  |b CHIOS  |e 20070723  |h 320.53109495 ΝΕΑ  |p 005200026047  |q 005200026047  |t BK  |y 0 
901 |a BIBL2-2007-3 
909 |a Χ  |b 136001 
922 |a 2ΕΛΗ  |b 200707  |c ΕΠΕΑΕΚ2/ΤΝΕΥ  |d ΠΑΤΑΚΗΣ 
970 |a ΒΑΡΦΗΣ  |b ΒΑΓΓΕΛΗΣ  |z 2007/09/05